000
00281 a2200121 4500
005
20250403131504.0
082
_a
519 MOR
100
_a
MOTONEY, M. J.
245
_a
Facts From Figures
260
_a
London,
_b
Penguin,
_c
1951.
300
_a
viii, 472p.
_b
Index.
_c
18cm.
942
_2
ddc
_c
BKS
999
_c
1094
_d
1094